|
|
|
|
| LEADER |
02561nam a22003853i 4500 |
| 001 |
EBC5493965 |
| 003 |
MiAaPQ |
| 005 |
20231204023214.0 |
| 006 |
m o d | |
| 007 |
cr cnu|||||||| |
| 008 |
231204s2017 xx o ||||0 eng d |
| 020 |
|
|
|a 9783110539356
|q (electronic bk.)
|
| 020 |
|
|
|z 9783110539325
|
| 035 |
|
|
|a (MiAaPQ)EBC5493965
|
| 035 |
|
|
|a (Au-PeEL)EBL5493965
|
| 035 |
|
|
|a (OCoLC)1049912073
|
| 040 |
|
|
|a MiAaPQ
|b eng
|e rda
|e pn
|c MiAaPQ
|d MiAaPQ
|
| 100 |
1 |
|
|a Nuñez-Janes, Mariela.
|
| 245 |
1 |
0 |
|a Deep Stories :
|b Practicing, Teaching, and Learning Anthropology with Digital Storytelling.
|
| 250 |
|
|
|a 1st ed.
|
| 264 |
|
1 |
|a Warschau/Berlin :
|b Walter de Gruyter GmbH,
|c 2017.
|
| 264 |
|
4 |
|c {copy}2017.
|
| 300 |
|
|
|a 1 online resource (208 pages)
|
| 336 |
|
|
|a text
|b txt
|2 rdacontent
|
| 337 |
|
|
|a computer
|b c
|2 rdamedia
|
| 338 |
|
|
|a online resource
|b cr
|2 rdacarrier
|
| 505 |
0 |
|
|a Intro -- Contents -- 1 Deep Stories: Introduction -- 2 Youth Claiming Media Practices to Perceiveand Cross Borders -- 3 The Production of Learning Stories Through ComicMaking -- 4 Life, Camera, Action: Exploring Issues in UrbanEducation Through Edited Video Narratives -- 5 The Digital and Story in Digital Storytelling -- 6 Exploring Social Issues Using Mobile Social Media:Dynamic Teaching and Learning Opportunities toSupport Students Transitioning from Middle to HighSchool -- 7 IamWe: Digital Storytelling, Personal Journeys,and Praxis -- 8 More Than Words: Co-Creative Visual Ethnography -- 9 This is What I Want for My Children: A Case Studyof Digital Storytelling with Latino Im/migrantParents in Central Florida -- 10 Digital Storytelling in the Classroom: NewMedia Techniques for an Engaged AnthropologicalPedagogy -- 11 The Digital Story: Giving Voice to UnheardWashington -- 12 Digital Storytelling as Autoethnographyin Anthropological Pedagogy and Practice -- List of Figures -- List of Tables -- Index.
|
| 588 |
|
|
|a Description based on publisher supplied metadata and other sources.
|
| 590 |
|
|
|a Electronic reproduction. Ann Arbor, Michigan : ProQuest Ebook Central, 2023. Available via World Wide Web. Access may be limited to ProQuest Ebook Central affiliated libraries.
|
| 655 |
|
4 |
|a Electronic books.
|
| 700 |
1 |
|
|a Thornburg, Aaron.
|
| 700 |
1 |
|
|a Booker, Angela.
|
| 776 |
0 |
8 |
|i Print version:
|a Nuñez-Janes, Mariela
|t Deep Stories
|d Warschau/Berlin : Walter de Gruyter GmbH,c2017
|z 9783110539325
|
| 797 |
2 |
|
|a ProQuest (Firm)
|
| 856 |
4 |
0 |
|u https://ebookcentral.proquest.com/lib/matrademy/detail.action?docID=5493965
|z Click to View
|